[Event "COL-ch sf"]
[Site "Pereira"]
[Date "2024.03.29"]
[Round "6"]
[White "Barrera Pinilla, Nicolas"]
[Black "Jaramillo, Carlos Orlando"]
[Result "0-1"]
[WhiteElo "1622"]
[BlackElo "1834"]
[PlyCount "62"]
[EventDate "2024.03.26"]
[EventType "swiss"]
[EventRounds "11"]
[EventCountry "COL"]
[SourceTitle "CB14_2024"]
[SourceDate "2024.04.01"]
[SourceVersion "1"]
[SourceVersionDate "2024.04.01"]
[SourceQuality "1"]

1. d4 c5 2. d5 Nf6 3. Nf3 d6 4. c4 g6 5. Nc3 Bg7 6. e4 Nbd7 7. Bd3 0-0 8. 0-0 a6 9. Bd2 Rb8 10. Re1 Qc7 11. a4 b6 12. h3 Ne5 13. Be3 Bd7 14. Qe2 Nxf3+ 15. Qxf3 b5 16. axb5 axb5 17. Nxb5 Bxb5 18. cxb5 Nd7 19. Qe2 Ne5 20. Rec1 Nxd3 21. Qxd3 Bxb2 22. Bh6 Rfe8 23. Rab1 Bxc1 24. Rxc1 f6 25. h4 Qd7 26. Qg3 Rxb5 27. f4 Kf7 28. f5 Rg8 29. fxg6+ Rxg6 30. Qe3 Rb2 31. g3 Qh3 0-1

[Event "Calle rapid op"]
[Site "Calle"]
[Date "2024.03.10"]
[Round "5"]
[White "Guevara Garcia, Samuel Alejandro"]
[Black "Barrera Pinilla, Nicolas"]
[Result "0-1"]
[WhiteElo "1535"]
[BlackElo "1697"]
[PlyCount "60"]
[EventDate "2024.03.10"]
[EventType "swiss (rapid)"]
[EventRounds "6"]
[EventCountry "COL"]
[SourceTitle "CB11_2024"]
[SourceDate "2024.03.13"]
[SourceVersion "1"]
[SourceVersionDate "2024.03.13"]
[SourceQuality "1"]

1. e4 c5 2. Nf3 g6 3. d4 cxd4 4. Nxd4 Bg7 5. c3 Nc6 6. Bc4 Nf6 7. Qb3 0-0 8. Nd2 Na5 9. Qb4 Nxc4 10. Qxc4 d6 11. 0-0 Bd7 12. Re1 Rc8 13. Qe2 Re8 14. N2f3 Qa5 15. Bd2 Qh5 16. Ng5 Qxe2 17. Rxe2 Bc6 18. Nxc6 Rxc6 19. Rae1 Ra6 20. a3 Rb6 21. Be3 Ra6 22. Bd4 Nd7 23. Bxg7 Kxg7 24. Re3 h6 25. Nh3 Rb6 26. R1e2 Ne5 27. Nf4 Nc4 28. Rd3 Nxb2 29. Rdd2 Nc4 30. Rd4 Rb1+ 0-1

[Event "Medellin de La Raza U2000 op"]
[Site "Medellin"]
[Date "2023.10.13"]
[Round "3"]
[White "Pedraza Aldana, Alexandra"]
[Black "Barrera Pinilla, Nicolas"]
[Result "0-1"]
[WhiteElo "1236"]
[BlackElo "1419"]
[PlyCount "30"]
[EventDate "2023.10.12"]
[EventType "swiss"]
[EventRounds "9"]
[EventCountry "COL"]
[SourceTitle "Mega2024 Update 01"]
[Source "Chessbase"]
[SourceDate "2023.11.12"]
[SourceVersion "1"]
[SourceVersionDate "2023.11.12"]
[SourceQuality "1"]

1. e4 c5 2. c3 d5 3. exd5 Qxd5 4. d4 Nf6 5. Be3 cxd4 6. cxd4 e6 7. a3 Nc6 8. Nc3 Qd8 9. Nf3 Be7 10. Bd3 0-0 11. h4 h5 12. Qe2 Bd7 13. Ng5 Qa5 14. b4 Nxb4 15. axb4 Qxa1+ 0-1

[Event "COL-ch U12"]
[Site "Choconta"]
[Date "2023.03.20"]
[Round "7"]
[White "Villamil Moreno, Daniel Esteban"]
[Black "Barrera Pinilla, Nicolas"]
[Result "0-1"]
[WhiteElo "1273"]
[BlackElo "1500"]
[PlyCount "131"]
[EventDate "2023.03.17"]
[EventType "swiss"]
[EventRounds "7"]
[EventCountry "COL"]
[SourceTitle "CBM 213 Extra"]
[Source "ChessBase"]
[SourceDate "2023.05.31"]
[SourceVersion "1"]
[SourceVersionDate "2023.05.31"]
[SourceQuality "1"]

1. d4 Nf6 2. Bf4 e6 3. c4 b6 4. Nc3 Bb7 5. Nf3 Be7 6. e3 0-0 7. Bd3 c5 8. d5 exd5 9. cxd5 d6 10. 0-0 Nh5 11. Bg3 Nd7 12. e4 Nxg3 13. hxg3 Rc8 14. b3 Nf6 15. Rc1 Re8 16. Re1 Bf8 17. Qd2 g6 18. Nb5 a6 19. Nc3 b5 20. Qe2 Nxd5 21. Nxd5 Bxd5 22. Qd2 Bb7 23. a3 Bg7 24. a4 b4 25. Qe2 a5 26. Bb5 Rxe4 27. Qc2 Rxe1+ 28. Rxe1 Qc7 29. Qd3 Bc6 30. Bc4 d5 31. Ba6 Rd8 32. Bb5 Bxb5 33. Qxb5 d4 34. Rc1 Bf8 35. Qc4 Qd6 36. Qb5 Qc7 37. Qc4 Qb6 38. Ne5 Qb7 39. Nd3 Rc8 40. Qc2 Bd6 41. Qd2 Qd5 42. Qc2 Kg7 43. Qb2 c4 44. bxc4 Rxc4 45. Qb3 Rxc1+ 46. Nxc1 Qxb3 47. Nxb3 Be5 48. Kf1 Bc7 49. Nxd4 Kf6 50. f4 Bb6 51. Nb3 Ke6 52. Ke2 Kd5 53. Kd3 f5 54. Nc1 Bf2 55. Ne2 Be1 56. Kc2 Kc4 57. Kd1 Bc3 58. Kc2 b3+ 59. Kb1 Kb4 60. Nxc3 Kxc3 61. Kc1 h6 62. g4 fxg4 63. g3 h5 64. Kb1 b2 65. Ka2 Kc2 66. Ka3 0-1

[Event "COL-ch U12"]
[Site "Choconta"]
[Date "2023.03.19"]
[Round "4"]
[White "Barrera Pinilla, Nicolas"]
[Black "Urquijo Prada, Juan Pablo"]
[Result "1-0"]
[WhiteElo "1500"]
[BlackElo "1221"]
[PlyCount "54"]
[EventDate "2023.03.17"]
[EventType "swiss"]
[EventRounds "7"]
[EventCountry "COL"]
[SourceTitle "CBM 213 Extra"]
[Source "ChessBase"]
[SourceDate "2023.05.31"]
[SourceVersion "1"]
[SourceVersionDate "2023.05.31"]
[SourceQuality "1"]

1. e4 e5 2. Nf3 Nc6 3. Bb5 Nf6 4. 0-0 Bb4 5. c3 Bc5 6. Re1 a6 7. Ba4 b5 8. Bb3 d6 9. h3 a5 10. d4 exd4 11. cxd4 Bb4 12. Bd2 Bxd2 13. Nbxd2 a4 14. Bc2 0-0 15. Rc1 Nb4 16. Bb1 Bb7 17. a3 Nc6 18. Bd3 b4 19. d5 Ne5 20. Nxe5 dxe5 21. axb4 a3 22. Qc2 Qd7 23. Qxc7 Qxc7 24. Rxc7 Rfb8 25. d6 Bc8 26. Rec1 Be6 27. b5 axb2 1-0